Statistics for Biggest Cities in Finland

Click here to take the quiz!

General Stats

  • This quiz has been taken 3,997 times
    (2,837 since last reset)
  • The average score is 8 of 10

Answer Stats

Population City % Correct
558,457Helsinki
100%
175,145Turku
91%
202,687Tampere
90%
128,618Oulu
85%
256,760Espoo
80%
190,058Vantaa
71%
85,026Jyväskylä
65%
98,165Lahti
61%
89,104Kuopio
60%
76,867Pori
55%

Score Distribution

Percentile by Number Answered

Percent of People with Each Score

Your Score History

You have not taken this quiz since the last reset